The Technology of food preservation (Record no. 306087)

MARC details
000 -LEADER
fixed length control field 00299pam a2200109a 44500
008 - FIXED-LENGTH DATA ELEMENTS--GENERAL INFORMATION
fixed length control field 230405s2004 xxu||||| |||| 00| 0 eng d
041 ## - LANGUAGE CODE
Language code of text/sound track or separate title ENG
100 ## - MAIN ENTRY--PERSONAL NAME
Personal name Desrosier Ed.
245 ## - TITLE STATEMENT
Title The Technology of food preservation
260 ## - PUBLICATION, DISTRIBUTION, ETC.
Place of publication, distribution, etc. new delhi
Name of publisher, distributor, etc. C.B.S Publishers & Distributers
Date of publication, distribution, etc. 2004
906 ## - LOCAL DATA ELEMENT F, LDF (RLIN)
a 15588
Holdings
Withdrawn status Lost status Damaged status Not for loan Collection Home library Current library Shelving location Date acquired Source of acquisition Cost, normal purchase price Total Checkouts Barcode Date last seen Price effective from Koha item type
          Matoshri Bayabai Shripatrao Kadam Kanya Mahavidyalaya, Kadegaon, Sangli Matoshri Bayabai Shripatrao Kadam Kanya Mahavidyalaya, Kadegaon, Sangli   20/03/2014 Universal Book,Pune 295.00   KVK-XITH01089 18/04/2023 18/04/2023 Book